Educación Ambiental Integral : Estrategia Nacional /

En el marco de la sancionada Ley nacional para la Implementación de la Educación Ambiental Integral Nº27621, el presente documento constituye un marco orientador impulsado desde la Coordinación Ejecutiva de la Estrategia Nacional de Educación Ambiental Integral (EJEAI). Busca acompañar a las jurisdi...

Descripción completa

Guardado en:
Autor Corporativo: Argentina. Ministerio de Educación de la Nación.
Formato: Libro
Idioma:Undetermined
Publicado: Buenos Aires : Ministerio de Ambiente y Desarrollo Sostenible de la Nación, 2022.
Edición:1a ed.
Materias:
Acceso en línea:Clic aquí para acceder al libro digital
Etiquetas: Agregar Etiqueta
Sin Etiquetas, Sea el primero en etiquetar este registro!
LEADER 02752nam a22002295a 4500
001 CEM.cems024436
008 250127s2022####ag############000#0#und#d
005 20250204144816.0
245 1 0 |a Educación Ambiental Integral :  |b Estrategia Nacional /  |c Ministerio de Educación de la Nación. 
250 |a 1a ed. 
260 |a Buenos Aires :  |b Ministerio de Ambiente y Desarrollo Sostenible de la Nación,  |c 2022. 
300 |a 30 p. 
506 |a Este libro está en formato digital ya que fue realizado en el marco del derecho al acceso de la información y se encuentra disponible bajo licencia Creative Commons Atribución 2.5 (CC-BY). No contamos con la obra en formato físico. 
505 0 |a Introducción -- Marco conceptual -- Definición y principios de la educación ambiental integral -- Educación ambiental integral, una perspectiva -- Conceptos nodales que organizan la educación ambiental integral -- Estrategia Nacional de Educación Ambiental Integral (ENEAI) -- Definición y objetivos -- ¿Por qué trabajar en términos de estrategia? -- Estrategia Nacional para la Sustentabilidad en las Universidades Argentinas (ENSUA) -- Componentes a considerar para la implementación de la Estrategia Nacional de Educación Ambiental Integral (ENEAI) y las Estrategias Jurisdiccionales de Educación Ambiental Integral (EJEAIs) -- Articulación entre carteras ambientales y educativas -- Formación docente inicial y continua -- Producción de materiales educativos ambientales -- Capacitación y acompañamiento técnico -- Articulación intersectorial -- Anclaje territorial -- Alfabetización ambiental y participación ciudadana -- Diagnóstico participativo -- Seguimiento y sistematización 
520 |a En el marco de la sancionada Ley nacional para la Implementación de la Educación Ambiental Integral Nº27621, el presente documento constituye un marco orientador impulsado desde la Coordinación Ejecutiva de la Estrategia Nacional de Educación Ambiental Integral (EJEAI). Busca acompañar a las jurisdicciones en la implementación de esta política pública a partir de la construcción de Estrategias Jurisdiccionales de Educación Ambiental Integral, a fin de garantizar el derecho a la educación ambiental integral en nuestro país. 
590 |a No está en TC, ya que colocamos un link en el campo 856 por ser de acceso abierto con licencia Creative Commons. 
020 |a 9789878959115 
110 2 |a Argentina. Ministerio de Educación de la Nación. 
653 |a Educación Ambiental Integral 
653 |a Medio ambiente 
856 |u https://www.argentina.gob.ar/sites/default/files/estrategia%5Feai%5Fdigital%5F0.pdf  |y Clic aquí para acceder al libro digital 
859 |a CEMS  |b BIB. CEMS - 11 de abril  |h 574.5  |i Ar87-3  |p 1356.025  |t Ej.1